11 States Needed to win the Electoral College - Statistics

General Stats
  • This quiz has been taken 2,725 times
  • The average score is 10 of 11
Answer Stats
Electors State % Correct
55 California
99%
38 Texas
99%
29 Florida
98%
29 New York
98%
20 Pennsylvania
93%
18 Ohio
92%
20 Illinois
89%
16 Michigan
89%
16 Georgia
88%
15 North Carolina
84%
14 New Jersey
71%
No matching quizzes found
Score Distribution
Percent of People with Each Score
Percentile by Number Answered
Your Score History
You have not taken this quiz